| 000 | 00481nam a2200181Ia 4500 | ||
|---|---|---|---|
| 008 | 230524s9999 xx 000 0 und d | ||
| 020 | _a97888131719558 | ||
| 082 |
_a685.452 _bLAH |
||
| 100 | _aW.Ronald Lane | ||
| 245 | 0 | _a"Kleppener's Advertising Procedure, 1" | |
| 250 | _a6TH | ||
| 260 |
_aNEW DELHI _b Pearson _c2008 |
||
| 300 | _aV;720 | ||
| 500 | _aQuantity Number: 2 | ||
| 650 | _aManagement | ||
| 700 | _a" Karen Whitehill King , J.Thomas Russell,,," | ||
| 942 | _cBK | ||
| 999 |
_c43041 _d43041 |
||